Zákon o státní statistické službě Príloha

Zákon o štátnej štatistickej službe zo dňa 20.3.1995. Úloha štátnej štatistickej služby a orgány vykonávajúce službu. Vymedzenie pojmov: individuálny údaj, štatistické informácie, štatistické zisťovanie, spravodajské jednotky, spravodajská povinnosť, ekonomický subjekt, identifikačné číslo. Pôsobnos...

Ausführliche Beschreibung

Gespeichert in:
Bibliographische Detailangaben
Format: Buchkapitel
Sprache:Tschechisch
Schlagworte:
Tags: Tag hinzufügen
Keine Tags, Fügen Sie das erste Tag hinzu!

MARC

LEADER 00000naa a2200000 4500
001 r018848
005 20221208131401.7
041 0 |a cze 
044 |a CZ 
245 1 0 |a Zákon o státní statistické službě  |b Príloha 
520 |a Zákon o štátnej štatistickej službe zo dňa 20.3.1995. Úloha štátnej štatistickej služby a orgány vykonávajúce službu. Vymedzenie pojmov: individuálny údaj, štatistické informácie, štatistické zisťovanie, spravodajské jednotky, spravodajská povinnosť, ekonomický subjekt, identifikačné číslo. Pôsobnosť Českého štatistického úradu. Štatistické zisťovanie. Podmienky plnenia spravodajskej povinnosti a ochrana dát. Poskytovanie štatistických informácií. IČO a identifikačný kód. Sankcie. 
610 2 0 |a štatistika 
610 2 0 |a zákony 
610 2 0 |a služby štatistické 
610 2 0 |a Česko 
610 2 0 |a 1995 
610 2 0 |a štatistika republiková 
610 2 0 |a informácie hospodárske 
610 2 0 |a ČSÚ Praha 
610 2 0 |a ochrana dát 
610 2 0 |a orgány štátne 
610 2 0 |a zisťovanie štatistické 
610 2 0 |a informácie štatistické